00370nam a2200133Ia 4500003000400000008004100004020002800045040000800073100002500081245008100106260002800187300000800215365001300223LDD181029s9999 xx 000 0 und d a9780415426770cP 625.00 cLDD aAntonelli, Cristiano 0aEconomics of innovationbCritical concepts in economicscCristiano Antonelli aLondonbRoutledgec2008 a4v. bP 625.00